<?xml version="1.0" encoding="UTF-8"?>
<record
    xmlns:xsi="http://www.w3.org/2001/XMLSchema-instance"
    xsi:schemaLocation="http://www.loc.gov/MARC21/slim http://www.loc.gov/standards/marcxml/schema/MARC21slim.xsd"
    xmlns="http://www.loc.gov/MARC21/slim">

  <leader>01704nam2a2200265   4500</leader>
  <controlfield tag="001">RU\NLR\PER_A\002577498_002390</controlfield>
  <controlfield tag="005">20250626061932.0</controlfield>
  <datafield tag="035" ind1=" " ind2=" ">
    <subfield code="a">(NLR Aleph) 011411512</subfield>
  </datafield>
  <datafield tag="090" ind1=" " ind2=" ">
    <subfield code="a">11560161</subfield>
    <subfield code="c">11560161</subfield>
  </datafield>
  <datafield tag="100" ind1=" " ind2=" ">
    <subfield code="a">20170621d2017    |||y0rusy50      ca</subfield>
  </datafield>
  <datafield tag="101" ind1="0" ind2=" ">
    <subfield code="a">rus</subfield>
  </datafield>
  <datafield tag="102" ind1=" " ind2=" ">
    <subfield code="a">RU</subfield>
  </datafield>
  <datafield tag="200" ind1="1" ind2=" ">
    <subfield code="a">&#x410;&#x43C;&#x443;&#x440;&#x441;&#x43A;&#x438;&#x435; &#x43A;&#x430;&#x43D;&#x43E;&#x43D;&#x435;&#x440;&#x43A;&#x438;, &#x447;. 2</subfield>
    <subfield code="i">&#x420;&#x435;&#x447;&#x43D;&#x44B;&#x435; &#x43A;&#x430;&#x43D;&#x43E;&#x43D;&#x435;&#x440;&#x441;&#x43A;&#x438;&#x435; &#x43B;&#x43E;&#x434;&#x43A;&#x438; &#x442;&#x438;&#x43F;&#x43E;&#x432; "&#x411;&#x443;&#x440;&#x44F;&#x442;" &#x438; "&#x412;&#x43E;&#x433;&#x443;&#x43B;"</subfield>
    <subfield code="f">&#x420;.&#x412;. &#x41B;&#x430;&#x43F;&#x448;&#x438;&#x43D;, &#x41D;.&#x412;. &#x41C;&#x438;&#x442;&#x44E;&#x43A;&#x43E;&#x432;</subfield>
  </datafield>
  <datafield tag="210" ind1=" " ind2=" ">
    <subfield code="d">2017</subfield>
    <subfield code="a">&#x411;. &#x43C;.</subfield>
  </datafield>
  <datafield tag="461" ind1=" " ind2="0">
    <subfield code="1">001RU\NLR\INFOCOMM\1000090925</subfield>
    <subfield code="1">2001#$a&#x41C;&#x43E;&#x440;&#x441;&#x43A;&#x430;&#x44F; &#x43A;&#x43E;&#x43B;&#x43B;&#x435;&#x43A;&#x446;&#x438;&#x44F;$e&#x421;&#x43F;&#x440;&#x430;&#x432;. &#x43F;&#x43E; &#x43A;&#x43E;&#x440;&#x430;&#x431;. &#x441;&#x43E;&#x441;&#x442;&#x430;&#x432;&#x443;$e&#x41F;&#x440;&#x438;&#x43B;. &#x43A; &#x436;&#x443;&#x440;&#x43D;. "&#x41C;&#x43E;&#x434;&#x435;&#x43B;&#x438;&#x441;&#x442;-&#x43A;&#x43E;&#x43D;&#x441;&#x442;&#x440;&#x443;&#x43A;&#x442;&#x43E;&#x440;"$f&#x423;&#x447;&#x440;&#x435;&#x434;&#x438;&#x442;&#x435;&#x43B;&#x44C;: "&#x420;&#x435;&#x434;. &#x436;&#x443;&#x440;&#x43D;. "&#x41C;&#x43E;&#x434;&#x435;&#x43B;&#x438;&#x441;&#x442;-&#x43A;&#x43E;&#x43D;&#x441;&#x442;&#x440;&#x443;&#x43A;&#x442;&#x43E;&#x440;" &#x432; &#x444;&#x43E;&#x440;&#x43C;&#x435; &#x410;&#x41E;&#x417;&#x422;"$v2017, &#x2116; 4 (211)</subfield>
    <subfield code="9">3245256</subfield>
    <subfield code="c">&#x41C;.</subfield>
    <subfield code="d">1995-</subfield>
    <subfield code="f">&#x423;&#x447;&#x440;&#x435;&#x434;&#x438;&#x442;&#x435;&#x43B;&#x44C;: "&#x420;&#x435;&#x434;. &#x436;&#x443;&#x440;&#x43D;. "&#x41C;&#x43E;&#x434;&#x435;&#x43B;&#x438;&#x441;&#x442;-&#x43A;&#x43E;&#x43D;&#x441;&#x442;&#x440;&#x443;&#x43A;&#x442;&#x43E;&#x440;" &#x432; &#x444;&#x43E;&#x440;&#x43C;&#x435; &#x410;&#x41E;&#x417;&#x422;"</subfield>
    <subfield code="n">&#x420;&#x435;&#x434;. &#x436;&#x443;&#x440;&#x43D;. "&#x41C;&#x43E;&#x434;&#x435;&#x43B;&#x438;&#x441;&#x442;-&#x43A;&#x43E;&#x43D;&#x441;&#x442;&#x440;&#x443;&#x43A;&#x442;&#x43E;&#x440;" &#x432; &#x444;&#x43E;&#x440;&#x43C;&#x435; &#x410;&#x41E;&#x417;&#x422;</subfield>
    <subfield code="o">&#x421;&#x43F;&#x440;&#x430;&#x432;. &#x43F;&#x43E; &#x43A;&#x43E;&#x440;&#x430;&#x431;. &#x441;&#x43E;&#x441;&#x442;&#x430;&#x432;&#x443; : &#x41F;&#x440;&#x438;&#x43B;. &#x43A; &#x436;&#x443;&#x440;&#x43D;. "&#x41C;&#x43E;&#x434;&#x435;&#x43B;&#x438;&#x441;&#x442;-&#x43A;&#x43E;&#x43D;&#x441;&#x442;&#x440;&#x443;&#x43A;&#x442;&#x43E;&#x440;"</subfield>
    <subfield code="t">&#x41C;&#x43E;&#x440;&#x441;&#x43A;&#x430;&#x44F; &#x43A;&#x43E;&#x43B;&#x43B;&#x435;&#x43A;&#x446;&#x438;&#x44F;</subfield>
    <subfield code="v">2017, &#x2116; 4 (211)</subfield>
  </datafield>
  <datafield tag="606" ind1="1" ind2=" ">
    <subfield code="a">&#x41A;&#x430;&#x43D;&#x43E;&#x43D;&#x435;&#x440;&#x441;&#x43A;&#x438;&#x435; &#x43B;&#x43E;&#x434;&#x43A;&#x438; &#x442;&#x438;&#x43F;&#x430; "&#x411;&#x443;&#x440;&#x44F;&#x442;"</subfield>
    <subfield code="9">2322523</subfield>
    <subfield code="3">RU\NLR\AUTH\6601614104</subfield>
  </datafield>
  <datafield tag="606" ind1="1" ind2=" ">
    <subfield code="a">&#x41A;&#x430;&#x43D;&#x43E;&#x43D;&#x435;&#x440;&#x441;&#x43A;&#x438;&#x435; &#x43B;&#x43E;&#x434;&#x43A;&#x438; &#x442;&#x438;&#x43F;&#x430; "&#x412;&#x43E;&#x433;&#x443;&#x43B;"</subfield>
    <subfield code="9">2322526</subfield>
    <subfield code="3">RU\NLR\AUTH\6601614105</subfield>
  </datafield>
  <datafield tag="686" ind1="1" ind2=" ">
    <subfield code="a">&#x426;661.13</subfield>
  </datafield>
  <datafield tag="700" ind1=" " ind2="1">
    <subfield code="a">&#x41B;&#x430;&#x43F;&#x448;&#x438;&#x43D;</subfield>
    <subfield code="b">&#x420;.&#x412;.</subfield>
    <subfield code="f">1972-</subfield>
    <subfield code="g">&#x420;&#x43E;&#x43C;&#x430;&#x43D; &#x412;&#x438;&#x442;&#x430;&#x43B;&#x44C;&#x435;&#x432;&#x438;&#x447;</subfield>
  </datafield>
  <datafield tag="701" ind1=" " ind2="1">
    <subfield code="a">&#x41C;&#x438;&#x442;&#x44E;&#x43A;&#x43E;&#x432;</subfield>
    <subfield code="b">&#x41D;.&#x412;.</subfield>
    <subfield code="f">1969-</subfield>
    <subfield code="g">&#x41D;&#x438;&#x43A;&#x43E;&#x43B;&#x430;&#x439; &#x412;&#x438;&#x442;&#x430;&#x43B;&#x44C;&#x435;&#x432;&#x438;&#x447;</subfield>
  </datafield>
  <datafield tag="852" ind1=" " ind2=" ">
    <subfield code="a">NLR</subfield>
    <subfield code="j">&#x41F;11/3767</subfield>
  </datafield>
  <datafield tag="942" ind1=" " ind2=" ">
    <subfield code="c">ISSUE</subfield>
  </datafield>
  <datafield tag="980" ind1=" " ind2=" ">
    <subfield code="a">NB</subfield>
  </datafield>
  <datafield tag="980" ind1=" " ind2=" ">
    <subfield code="a">RUSPER</subfield>
  </datafield>
</record>
